| 000 | 00662nam a2200229 a 4500 | ||
|---|---|---|---|
| 001 | 4415 | ||
| 003 | BD-RjUL | ||
| 005 | 20211208233904.0 | ||
| 008 | 170119s1948 enk ||| |||| 001 0 eng d | ||
| 035 | _a(BD-RjUL)4450 | ||
| 040 |
_aBD-RjUL _beng _cBD-RjUL _dBD-RjUL |
||
| 041 | _aeng | ||
| 082 | 0 | 4 |
_223 _a332.642 _bHIS 1948 |
| 100 | 1 |
_aHirst, Francis W. _913965 |
|
| 245 | 1 | 0 |
_aThe Stock Exchange : _bA Short Study of Investment and Speculation / _cFrancis W. Hirst |
| 250 | _a4th ed. | ||
| 260 |
_aLondon : _bOxford University Press, _c1948. |
||
| 300 |
_a224 p. ; _c12 cm. |
||
| 500 | _aIncludes Index. | ||
| 650 | 0 | 7 |
_aStock Exchange. _913966 |
| 942 |
_2ddc _cBK |
||
| 999 |
_c4415 _d4415 |
||